000
00336nam a22001217a 4500
999
_c
3437
_d
3437
005
20201201150800.0
008
201201b ||||| |||| 00| 0 eng d
020
_a
0809129574
040
_c
CML
245
_a
What Should i Teach?
_c
Martin M.
260
_a
Mahwah
_b
Paulist
_c
1940
942
_2
ddc
_c
BK
_e
1st Edition
_h
268
_m
MAR